[Event "HEM 2009 D-Turnier"]
[Site "Idstein"]
[Date "2009.04.10"]
[Round "1"]
[White "Gertz, Berthold"]
[Black "Rennhack, Peer"]
[Result "1-0"]
[WhiteElo "1993"]
[BlackElo "1656"]
[PlyCount "85"]
[EventDate "2009.??.??"]

1. d4 Nf6 2. c4 g6 3. Nc3 Bg7 4. e4 d6 5. Bg5 O-O 6. Nf3 c5 7. d5 Qa5 8. Bd2
Bg4 9. h3 Bxf3 10. Qxf3 Nbd7 11. Be2 Ne5 12. Qe3 Ne8 13. f4 Nd7 14. Nb5 Qd8 15.
Bc3 e5 16. dxe6 fxe6 17. Bxg7 Kxg7 18. O-O-O Qe7 19. Qd2 Ndf6 20. Bf3 e5 21.
Nxd6 exf4 22. Qxf4 Nc7 23. Qg3 Kh8 24. e5 Nd7 25. Rhe1 Rab8 26. e6 Nxe6 27. Bd5
Qg5+ 28. Qxg5 Nxg5 29. h4 Rf6 30. Ne8 Rf8 31. Nd6 Rf6 32. Nxb7 Nf7 33. Re2 Nfe5
34. Nxc5 Nxc5 35. Rxe5 Rf2 36. Rd2 Rxd2 37. Kxd2 Rxb2+ 38. Ke3 Rxa2 39. Kf3
Ra3+ 40. Kg4 Kg7 41. Re7+ Kh8 42. Kg5 Ra6 43. Re8+ 1-0

[Event "HEM 2009 D-Turnier"]
[Site "Idstein"]
[Date "2009.04.10"]
[Round "1"]
[White "Riebensahm, Lutz"]
[Black "Storch, Dominik"]
[Result "0-1"]
[WhiteElo "1651"]
[BlackElo "1931"]
[PlyCount "66"]
[EventDate "2009.??.??"]

1. d4 d5 2. c4 c6 3. Nc3 Nf6 4. e3 e6 5. Nf3 Be7 6. Bd3 dxc4 7. Bxc4 b5 8. Bd3
O-O 9. O-O Nbd7 10. Qc2 Bb7 11. Ng5 h6 12. Nh3 a6 13. e4 e5 14. Be3 Rc8 15.
Rad1 Ng4 16. dxe5 Nxe3 17. fxe3 Qc7 18. e6 fxe6 19. Nf4 Rf6 20. Nce2 c5 21. Ng3
c4 22. Be2 Nc5 23. Bf3 Bd6 24. Ngh5 Rf7 25. g3 Rcf8 26. Qg2 Kh7 27. Qc2 Be5 28.
b4 g5 29. Bg2 gxf4 30. exf4 Nd3 31. fxe5 Qb6+ 32. Kh1 Rxf1+ 33. Rxf1 Rxf1+ 0-1

[Event "HEM 2009 D-Turnier"]
[Site "Idstein"]
[Date "2009.04.10"]
[Round "1"]
[White "Will, Patrick"]
[Black "Mahler, Peter"]
[Result "1-0"]
[WhiteElo "1929"]
[BlackElo "1644"]
[PlyCount "83"]
[EventDate "2009.??.??"]

1. Nf3 Nf6 2. d4 g6 3. c4 Bg7 4. Nc3 O-O 5. e4 d6 6. Be2 Nc6 7. O-O e5 8. d5
Ne7 9. b4 Ne8 10. Nd2 f5 11. f3 f4 12. c5 g5 13. Nc4 Ng6 14. Ba3 Rf7 15. b5 Bf8
16. cxd6 cxd6 17. Rc1 Rg7 18. Qb3 h5 19. b6 a6 20. Rc2 g4 21. Rfc1 Qh4 22. Na4
Bd7 23. Na5 gxf3 24. Bxf3 Rc8 25. Rxc8 Bxc8 26. Qd1 Bg4 27. Bb4 Qg5 28. Kh1 Nh4
29. Bxg4 f3 30. Be6+ Kh8 31. g3 Qe3 32. Qe1 Ng2 33. Qxe3 Nxe3 34. Be1 h4 35.
Bf2 Ng4 36. Bxg4 Rxg4 37. Rc4 hxg3 38. hxg3 Rg7 39. Rc8 Re7 40. Nxb7 Rxb7 41.
Rxe8 Kg7 42. Rc8 1-0

[Event "HEM 2009 D-Turnier"]
[Site "Idstein"]
[Date "2009.04.10"]
[Round "1"]
[White "Jordake, Michael"]
[Black "Bigott, Martin"]
[Result "0-1"]
[WhiteElo "1640"]
[BlackElo "1889"]
[PlyCount "92"]
[EventDate "2009.??.??"]

1. e4 Nf6 2. Nc3 d5 3. exd5 Nxd5 4. Nge2 Bg4 5. g3 Bf3 6. Rg1 Nc6 7. d4 e6 8.
a3 Nxc3 9. bxc3 Qd5 10. Nf4 Qe4+ 11. Be2 e5 12. Kf1 Bxe2+ 13. Nxe2 O-O-O 14.
Be3 Bc5 15. Qb1 exd4 16. cxd4 Nxd4 17. c3 Qxb1+ 18. Rxb1 Ne6 19. Bxc5 Nxc5 20.
Kg2 Rd2 21. Nd4 Ne4 22. Nb5 Rxf2+ 23. Kh3 f6 24. Nxa7+ Kb8 25. Nc6+ Ka8 26. Na5
Ng5+ 27. Kh4 Rxh2+ 28. Kg4 h5+ 29. Kf5 b6 30. Nc4 Rh6 31. Rb2 Rxb2 32. Nxb2 h4
33. gxh4 Rxh4 34. Rg3 Rh3 35. Rd3 Kb7 36. Kg6 Rxd3 37. Nxd3 Ne4 38. c4 Kc6 39.
Kxg7 f5 40. Kg6 Nd6 41. a4 f4 42. Kg5 f3 43. c5 Ne4+ 44. Kf4 f2 45. Nxf2 Nxf2
46. Ke3 Kxc5 0-1

[Event "HEM 2009 D-Turnier"]
[Site "Idstein"]
[Date "2009.04.10"]
[Round "1"]
[White "Arnold, Michael"]
[Black "Jöckel, Thomas"]
[Result "1-0"]
[WhiteElo "1845"]
[BlackElo "1623"]
[PlyCount "108"]
[EventDate "2009.??.??"]

1. e4 Nf6 2. Qe2 e5 3. Nf3 Nc6 4. g3 Bc5 5. Bg2 d6 6. O-O O-O 7. Nc3 Bg4 8. h3
Nd4 9. Qd3 Bxf3 10. Bxf3 Qd7 11. Bg2 Nh5 12. Kh2 g5 13. Ne2 Qe6 14. c3 Nxe2 15.
Qxe2 Qg6 16. d3 c6 17. Qg4 f6 18. b4 Bb6 19. a4 Rad8 20. a5 Bc7 21. Be3 a6 22.
c4 h6 23. Rfb1 Ng7 24. b5 h5 25. Qe2 axb5 26. cxb5 c5 27. Qc2 Ne6 28. Qc4 Qf7
29. Qd5 Bb8 30. Bf3 Ng7 31. Qxf7+ Rxf7 32. Bd1 Re7 33. Bb3+ Kh7 34. Bd5 Kg6 35.
f4 gxf4 36. gxf4 exf4 37. Bxf4 Ne6 38. Rg1+ Kf7 39. Bh6 Rg8 40. Rxg8 Kxg8 41.
a6 bxa6 42. Rxa6 Kh7 43. Ra8 Kxh6 44. Rxb8 Nc7 45. Bc6 Nxb5 46. Rxb5 Kg5 47. d4
Rc7 48. dxc5 Rxc6 49. cxd6+ Kf4 50. d7 Rd6 51. Rd5 Rxd7 52. Rxd7 Kxe4 53. Kg3
Kf5 54. Rd5+ Ke4 1-0

[Event "HEM 2009 D-Turnier"]
[Site "Idstein"]
[Date "2009.04.10"]
[Round "1"]
[White "Stegner, Marco"]
[Black "Wasserrab, Martin"]
[Result "0-1"]
[WhiteElo "1622"]
[BlackElo "1818"]
[PlyCount "42"]
[EventDate "2009.??.??"]

1. d4 d6 2. Bf4 Nf6 3. e3 g6 4. Nf3 Bg7 5. Be2 O-O 6. O-O Nbd7 7. h3 Qe8 8. c4
e5 9. dxe5 dxe5 10. Bh2 Ne4 11. Qc2 f5 12. b4 a5 13. b5 Ndc5 14. a4 Qe7 15. Rd1
Bd7 16. Nbd2 Be8 17. Nb3 Bf7 18. Nxc5 Nxc5 19. Rd2 Ne4 20. Rdd1 Rad8 21. Ra3
Qxa3 0-1

[Event "HEM 2009 D-Turnier"]
[Site "Idstein"]
[Date "2009.04.10"]
[Round "1"]
[White "Riha, Peter"]
[Black "Mattusch, Ralf"]
[Result "1/2-1/2"]
[WhiteElo "1815"]
[BlackElo "1614"]
[PlyCount "50"]
[EventDate "2009.??.??"]

1. d4 d5 2. Bf4 Bf5 3. e3 e6 4. Nd2 Nf6 5. c4 c6 6. Qb3 Qb6 7. c5 Qxb3 8. axb3
Nbd7 9. Ngf3 h6 10. h4 Be7 11. b4 O-O 12. b5 Rfc8 13. bxc6 Rxc6 14. b4 Rcc8 15.
b5 Ne4 16. Be2 Nc3 17. Bf1 Nf6 18. Ne5 Nfe4 19. f3 Nxd2 20. Kxd2 Nb1+ 21. Kc1
f6 22. Nd3 Nc3 23. Nb4 Bxc5 24. dxc5 Rxc5 25. Kd2 e5 1/2-1/2

[Event "HEM 2009 D-Turnier"]
[Site "Idstein"]
[Date "2009.04.10"]
[Round "1"]
[White "Aurin, Pascal"]
[Black "Kohlmeyer, Klaus"]
[Result "1/2-1/2"]
[WhiteElo "1612"]
[BlackElo "1813"]
[PlyCount "30"]
[EventDate "2009.??.??"]

1. Nf3 Nf6 2. d4 g6 3. c3 Bg7 4. g3 O-O 5. Bg2 d6 6. O-O Nbd7 7. Bg5 c6 8. Qc1
Re8 9. Re1 Qc7 10. Bh6 Bh8 11. Nbd2 e5 12. dxe5 Nxe5 13. Nxe5 dxe5 14. Ne4 Nxe4
15. Bxe4 f5 1/2-1/2

[Event "HEM 2009 D-Turnier"]
[Site "Idstein"]
[Date "2009.04.10"]
[Round "1"]
[White "Kempf, Alexander"]
[Black "Pantic, Dejan"]
[Result "1-0"]
[WhiteElo "1810"]
[BlackElo "1610"]
[PlyCount "54"]
[EventDate "2009.??.??"]

1. e4 c5 2. Nf3 d6 3. d4 cxd4 4. Nxd4 Nf6 5. Nc3 g6 6. g3 Bg7 7. Bg2 O-O 8. O-O
Nc6 9. Nde2 Bg4 10. h3 Bd7 11. a4 a6 12. Kh2 Qc7 13. Nd5 Nxd5 14. exd5 Ne5 15.
Ra2 Rac8 16. b3 f6 17. f4 Nf7 18. Nd4 f5 19. Re1 Rfe8 20. c4 Nd8 21. Rae2 Kf8
22. h4 e5 23. dxe6 Bc6 24. e7+ Rxe7 25. Rxe7 Qxe7 26. Rxe7 Kxe7 27. Nxc6+ Nxc6
1-0

[Event "HEM 2009 D-Turnier"]
[Site "Idstein"]
[Date "2009.04.10"]
[Round "1"]
[White "Höllwarth, Kai"]
[Black "Gläßer, Tim"]
[Result "1/2-1/2"]
[WhiteElo "1608"]
[BlackElo "1776"]
[PlyCount "104"]
[EventDate "2009.??.??"]

1. Nf3 Nf6 2. d4 b6 3. Rg1 Bb7 4. g4 e6 5. Nbd2 c5 6. g5 Nh5 7. dxc5 Bxc5 8.
Nb3 Be7 9. Bd2 Qc7 10. Bc3 Bxf3 11. exf3 Qxh2 12. Rg2 Qc7 13. Rg4 Rg8 14. Bd3
g6 15. Qe2 Nf4 16. Be5 Bd6 17. Bxf4 Bxf4 18. Qe4 f5 19. gxf6 Kf7 20. Qxf4 Qxf4
21. Rxf4 g5 22. Rc4 h5 23. O-O-O Kxf6 24. Rg1 Nc6 25. Nd2 Ne5 26. Ne4+ Ke7 27.
Nxg5 Nxc4 28. Bxc4 Raf8 29. Bd3 h4 30. Kd2 Rg7 31. Ke3 Rfg8 32. f4 e5 33. Be4
exf4+ 34. Kxf4 Rf8+ 35. Kg4 Rxf2 36. Kxh4 Rf4+ 37. Rg4 Rxg4+ 38. Kxg4 Kf6 39.
Kf4 Rxg5 40. Ke3 Ke5 41. Bd3 Rg3+ 42. Kd2 Rg2+ 43. Kc3 Kd5 44. a4 Rg3 45. b3
Kc5 46. Kd2 d5 47. Kc3 d4+ 48. Kd2 Kb4 49. Bf5 a5 50. Be4 b5 51. axb5 Kxb5 52.
Bd3+ Kb4 1/2-1/2

[Event "HEM 2009 D-Turnier"]
[Site "Idstein"]
[Date "2009.04.10"]
[Round "1"]
[White "Rausch, Wolfgang"]
[Black "Doll, Christoph"]
[Result "1/2-1/2"]
[WhiteElo "1730"]
[BlackElo "1603"]
[PlyCount "117"]
[EventDate "2009.??.??"]

1. c4 c5 2. g3 e6 3. Bg2 Nf6 4. Nc3 d5 5. cxd5 exd5 6. d4 cxd4 7. Qxd4 Nc6 8.
Qa4 Be7 9. e3 O-O 10. Nge2 Ne5 11. Qc2 Bg4 12. Nd4 Bc5 13. Nce2 Rc8 14. Qb3 Qd7
15. h3 Be6 16. Nxe6 fxe6 17. O-O Kh8 18. Qd1 Nf7 19. b3 e5 20. Bb2 Rfd8 21. Rc1
Qe6 22. Qd3 a6 23. Kh2 h5 24. f4 e4 25. Qd2 Nh6 26. Nd4 Qd7 27. Rc2 Kh7 28.
Rfc1 Bb6 29. Kg1 Nf5 30. Nxf5 Rxc2 31. Rxc2 Qxf5 32. Bd4 Qe6 33. Bf1 Rd7 34.
Be5 Ne8 35. Kg2 Nd6 36. Be2 Nf5 37. Bd4 Bxd4 38. exd4 e3 39. Qd3 Qe4+ 40. Qxe4
dxe4 41. Bxh5 Rxd4 42. Bg4 Nd6 43. Kf1 Kh6 44. Ke2 Rd3 45. Be6 Nb5 46. Rc4 Nd4+
47. Rxd4 Rxd4 48. Kxe3 Rd3+ 49. Kxe4 Rxg3 50. Bc8 Rg2 51. a4 Rb2 52. Bxb7 Rxb3
53. Bxa6 Rb4+ 54. Kf3 Rxa4 55. Bc8 Ra8 56. Be6 Re8 57. Bg4 Rf8 58. Ke4 Rf6 59.
Ke5 1/2-1/2

[Event "HEM 2009 D-Turnier"]
[Site "Idstein"]
[Date "2009.04.10"]
[Round "1"]
[White "Fischer, Helena"]
[Black "Schöbel-Kröhn, Lucas"]
[Result "0-1"]
[WhiteElo "1595"]
[BlackElo "1727"]
[PlyCount "132"]
[EventDate "2009.??.??"]

1. e4 c5 2. Nf3 d6 3. d4 cxd4 4. Nxd4 Nf6 5. Nc3 a6 6. Be2 e6 7. Be3 Be7 8. Qd2
Nbd7 9. g4 Nc5 10. f3 Qc7 11. g5 Ng8 12. b4 Nd7 13. b5 a5 14. Na4 Nc5 15. b6
Qd8 16. Nb5 Kf8 17. Nxc5 dxc5 18. Qxd8+ Bxd8 19. Bxc5+ Be7 20. Bxe7+ Nxe7 21.
Rd1 Nc6 22. Nc7 Rb8 23. Bb5 Ke7 24. Kf2 Nb4 25. c3 Nxa2 26. Rd3 Rd8 27. Rxd8
Kxd8 28. Rd1+ Ke7 29. Ra1 Nxc3 30. Rb1 Nxb5 31. Rxb5 Bd7 32. Rb1 Bc6 33. e5 Rd8
34. Ke3 Rd7 35. Nb5 Rd5 36. Nd4 Rxe5+ 37. Kf4 Rc5 38. Ke3 Bd7 39. h4 e5 40. Ne2
Rb5 41. Rxb5 Bxb5 42. Nc3 Bc6 43. f4 Ke6 44. Ne4 Kd5 45. Nc3+ Kc5 46. Ne4+ Bxe4
47. Kxe4 exf4 48. Kxf4 Kd5 49. Kf5 Kd6 50. h5 Ke7 51. Ke5 f6+ 52. gxf6+ gxf6+
53. Kf5 Kf7 54. h6 Ke7 55. Kf4 Ke6 56. Ke4 f5+ 57. Kf4 Kf6 58. Kf3 Kg5 59. Ke3
Kxh6 60. Kf4 Kg6 61. Ke5 h5 62. Kd6 h4 63. Kc7 h3 64. Kxb7 h2 65. Kc8 h1=Q 66.
b7 Qxb7+ 0-1

[Event "HEM 2009 D-Turnier"]
[Site "Idstein"]
[Date "2009.04.10"]
[Round "1"]
[White "Aleanakian, Gabriel"]
[Black "Boethelt, Klaus-Dieter"]
[Result "0-1"]
[WhiteElo "1725"]
[BlackElo "1578"]
[PlyCount "110"]
[EventDate "2009.??.??"]

1. Nf3 d6 2. d4 d5 3. c4 e6 4. Nc3 Nf6 5. e3 Be7 6. Bd3 O-O 7. O-O c5 8. cxd5
Nxd5 9. e4 Nxc3 10. bxc3 cxd4 11. cxd4 b6 12. Be3 Ba6 13. Rc1 Bf6 14. Qe2 Bxd3
15. Qxd3 Qd7 16. Qc4 Rd8 17. Bf4 Qb7 18. e5 Be7 19. Qc7 Qxc7 20. Rxc7 Bf8 21.
Bg5 Re8 22. Rfc1 Na6 23. Rd7 h6 24. Bd2 Re7 25. Rxe7 Bxe7 26. Rc4 Kf8 27. Ne1
Ke8 28. Nd3 Kd7 29. Ra4 Nc7 30. Nf4 Kc6 31. Rc4+ Kb7 32. g3 Rc8 33. Kg2 Nd5 34.
Rxc8 Nxf4+ 35. Bxf4 Kxc8 36. Kf3 Kd7 37. Ke4 Kc6 38. Bd2 Ba3 39. Bc3 a5 40. f4
a4 41. g4 b5 42. f5 b4 43. Ba1 b3 44. axb3 axb3 45. h4 Bc1 46. Kd3 b2 47. Bxb2
Bxb2 48. Kc4 Bc1 49. h5 Bg5 50. d5+ exd5+ 51. Kd4 Bh4 52. Kd3 Kc5 53. Ke3 Bg3
54. f6 Bxe5 55. g5 hxg5 0-1

[Event "HEM 2009 D-Turnier"]
[Site "Idstein"]
[Date "2009.04.10"]
[Round "1"]
[White "Gunde, Thomas"]
[Black "Rudolph, Lukas"]
[Result "0-1"]
[WhiteElo "1575"]
[BlackElo "1723"]
[PlyCount "56"]
[EventDate "2009.??.??"]

1. d4 d5 2. c4 e6 3. cxd5 exd5 4. Nc3 Nf6 5. Bg5 c6 6. Qc2 h6 7. Bh4 Be7 8. e3
O-O 9. Bd3 Re8 10. Nge2 Qc7 11. Bg3 Bd6 12. Bxd6 Qxd6 13. h3 Be6 14. O-O g5 15.
Rab1 h5 16. b4 h4 17. b5 b6 18. bxc6 Nxc6 19. Bf5 Nb4 20. Nb5 Qe7 21. Rxb4 Qxb4
22. Bxe6 Rxe6 23. Nec3 Qc4 24. Qf5 a6 25. Qxg5+ Kf8 26. Qxh4 axb5 27. Qh8+ Ng8
28. Ne2 Qxe2 0-1

[Event "HEM 2009 D-Turnier"]
[Site "Idstein"]
[Date "2009.04.10"]
[Round "1"]
[White "Daubitz, Karl Werner"]
[Black "Boldt, Kai-Ulrich"]
[Result "1-0"]
[WhiteElo "1711"]
[BlackElo "1548"]
[PlyCount "79"]
[EventDate "2009.??.??"]

1. e4 c5 2. c3 Nc6 3. Nf3 d6 4. d4 cxd4 5. cxd4 e6 6. Nc3 Be7 7. Be3 Nf6 8. h3
b6 9. Bb5 Bd7 10. Qe2 O-O 11. O-O Na5 12. Rac1 Bxb5 13. Qxb5 a6 14. Qd3 b5 15.
b3 Rc8 16. d5 e5 17. Rc2 Nb7 18. b4 Rc4 19. a3 Nd7 20. Nd2 Rc8 21. Rfc1 Nb6 22.
Nxb5 Rxc2 23. Rxc2 Bg5 24. Na7 Bxe3 25. Qxe3 Kh8 26. Nc6 Qc7 27. Qd3 Rc8 28.
Qxa6 Nd8 29. Qd3 Nd7 30. Nb3 Nb8 31. Nba5 Nbxc6 32. Nxc6 Qb6 33. b5 Nb7 34. Ra2
Nc5 35. Qc4 Ra8 36. a4 g6 37. a5 Qb7 38. Nxe5 f6 39. Nc6 Kg7 40. e5 1-0

[Event "HEM 2009 D-Turnier"]
[Site "Idstein"]
[Date "2009.04.10"]
[Round "1"]
[White "Kitreiber, Michael"]
[Black "Kuhnigk, Thomas"]
[Result "1/2-1/2"]
[WhiteElo "1537"]
[BlackElo "1698"]
[PlyCount "44"]
[EventDate "2009.??.??"]

1. e4 d5 2. Qe2 dxe4 3. Qxe4 Nf6 4. Qe2 g6 5. g3 Bg7 6. Bg2 O-O 7. Nf3 c6 8. c3
Bf5 9. Nd4 Qd7 10. O-O Re8 11. Nxf5 Qxf5 12. d3 Nbd7 13. Be4 Qb5 14. Re1 Nxe4
15. dxe4 Qxe2 16. Rxe2 Rad8 17. Be3 b6 18. Nd2 Ne5 19. h3 Rd7 20. f4 Nd3 21.
Nb3 c5 22. e5 c4 1/2-1/2

[Event "HEM 2009 D-Turnier"]
[Site "Idstein"]
[Date "2009.04.10"]
[Round "1"]
[White "Baskin, Robert"]
[Black "Scharf, Bernd"]
[Result "1-0"]
[WhiteElo "1697"]
[BlackElo "1524"]
[PlyCount "81"]
[EventDate "2009.??.??"]

1. e4 e5 2. Nf3 Nc6 3. Bb5 a6 4. Ba4 Nf6 5. d3 d6 6. c3 Bg4 7. h3 Bd7 8. Bg5
Be7 9. Bxf6 Bxf6 10. d4 b5 11. Bc2 exd4 12. cxd4 Nb4 13. Bb3 a5 14. e5 dxe5 15.
dxe5 Be7 16. O-O a4 17. Bd5 c6 18. Be4 Be6 19. a3 Nd5 20. Qc2 g6 21. Qxc6+ Kf8
22. Rd1 Rc8 23. Qxb5 Bc5 24. Bxd5 Kg7 25. Nc3 Bd7 26. Qe2 Qe7 27. Qa6 Be6 28.
Bxe6 fxe6 29. Qxa4 Rhd8 30. Rxd8 Rxd8 31. Rd1 Rxd1+ 32. Qxd1 Qa7 33. Ne4 Be7
34. Nd4 Qa6 35. Qg4 Kf7 36. Nd6+ Bxd6 37. Qxe6+ Kg7 38. exd6 Qb6 39. d7 Qc5 40.
Qc6 Qxd4 41. Qc3 1-0

[Event "HEM 2009 D-Turnier"]
[Site "Idstein"]
[Date "2009.04.10"]
[Round "1"]
[White "Brehm, Arthur"]
[Black "Beinrucker, Clemens"]
[Result "1-0"]
[WhiteElo "1519"]
[BlackElo "1686"]
[PlyCount "33"]
[EventDate "2009.??.??"]

1. e4 c5 2. Nf3 g6 3. d4 cxd4 4. c3 Bg7 5. cxd4 d6 6. Nc3 Nc6 7. Bc4 Nf6 8. O-O
O-O 9. e5 dxe5 10. dxe5 Ng4 11. Bf4 Qb6 12. Qe2 Nd4 13. Nxd4 Qxd4 14. Nd5 e6
15. Rad1 Qxd1 16. Ne7+ Kh8 17. Rxd1 1-0

[Event "HEM 2009 D-Turnier"]
[Site "Idstein"]
[Date "2009.04.10"]
[Round "1"]
[White "Fischer, Ulrich"]
[Black "Lewien, Frank"]
[Result "1-0"]
[WhiteElo "1672"]
[BlackElo "1518"]
[PlyCount "41"]
[EventDate "2009.??.??"]

1. e4 d5 2. exd5 Qxd5 3. Nc3 Qd6 4. d4 Nf6 5. Nf3 a6 6. g3 Bg4 7. Bg2 Nc6 8.
Bf4 Qd7 9. O-O O-O-O 10. Ne2 Bxf3 11. Bxf3 Nxd4 12. Nxd4 Qxd4 13. Qe2 e6 14.
Bxb7+ Kxb7 15. Rad1 Qb4 16. Rxd8 Qe7 17. Qf3+ Nd5 18. Qb3+ Kc6 19. Ra8 Nb4 20.
Rd1 g5 21. Qc3+ 1-0

[Event "HEM 2009 D-Turnier"]
[Site "Idstein"]
[Date "2009.04.10"]
[Round "1"]
[White "Sanitz, Grigori"]
[Black "Lauer, David"]
[Result "1-0"]
[WhiteElo "1511"]
[BlackElo "1670"]
[PlyCount "97"]
[EventDate "2009.??.??"]

1. Nf3 Nf6 2. d4 g6 3. c4 Bg7 4. Nc3 O-O 5. e4 d6 6. Bd3 e5 7. d5 Nbd7 8. Bg5
h6 9. Bd2 a6 10. h4 h5 11. Qc1 Nc5 12. Bc2 Bg4 13. Bh6 b5 14. Bxg7 Kxg7 15. b4
Ncd7 16. Nh2 bxc4 17. f3 Qb8 18. a3 a5 19. b5 Nc5 20. fxg4 hxg4 21. Qg5 Rh8 22.
Nxg4 Nxg4 23. Qxg4 a4 24. h5 Nb3 25. Rd1 Qb6 26. h6+ Kh7 27. Qf3 Raf8 28. Qf2
Qa5 29. Qe3 Nd4 30. Rxd4 exd4 31. Qxd4 Rhg8 32. Qxc4 Qb6 33. Ne2 Re8 34. Qxa4
f5 35. Rf1 fxe4 36. Rf7+ Kxh6 37. Qb3 Re5 38. Qg3 Rg7 39. Qf4+ Kh7 40. Bxe4
Qa5+ 41. Kf2 Qxb5 42. Bxg6+ Kxg6 43. Qf6+ Kh5 44. Ng3+ Rxg3 45. Rh7+ Kg4 46.
Rg7+ Kh5 47. Rh7+ Kg4 48. Qg6+ Rg5 49. Qe4# 1-0

[Event "HEM 2009 D-Turnier"]
[Site "Idstein"]
[Date "2009.04.10"]
[Round "1"]
[White "Brendel, Hans-Gerhard"]
[Black "Bodensohn, Markus"]
[Result "1/2-1/2"]
[WhiteElo "1658"]
[BlackElo "1391"]
[PlyCount "51"]
[EventDate "2009.??.??"]

1. e4 d6 2. d4 Nf6 3. f3 Nbd7 4. Be3 g6 5. Nc3 Bg7 6. Bc4 c5 7. h4 a6 8. a4 Qa5
9. g4 Rb8 10. h5 cxd4 11. Bxd4 Ne5 12. Bb3 Bd7 13. h6 Bf8 14. g5 Nh5 15. Qd2
Rg8 16. f4 Nc6 17. f5 e6 18. fxg6 fxg6 19. O-O-O Nxd4 20. Qxd4 Qxg5+ 21. Kb1
Qc5 22. Qd2 b5 23. Nge2 bxa4 24. Nxa4 Qb4 25. Nac3 Be7 26. Qe3 1/2-1/2